000 00508nam a22001817a 4500
999 _c17547
_d17547
003 AR-CdUCM
008 190321b ||||| |||| 00| 0 spa d
040 _aMUNICIPALIDAD PROVINCIAL DEL CUSCO
_cBIBLIOTECA MUNICIPAL DEL CUSCO
082 _a150 /
_bA83
100 _aAster, Von E.
_937625
245 _aIntroducción a la Psicología /
300 _a208 páginas ;
_c23 cm.
650 _aPsicología
_91538
650 _aMétodos
_920153
650 _aHumana
_919436
942 _2ddc
_cLIBROS
945 _arcc